header

Film and television distribution and the Internet (Record no. 123719)

MARC details
000 -LEADER
fixed length control field 01828nam a2200397 a 4500
082 04 - DEWEY DECIMAL CLASSIFICATION NUMBER
Classification number 343.2409/9
100 1# - MAIN ENTRY--AUTHOR NAME
Personal name Sparrow, Andrew.
245 10 - TITLE STATEMENT
Title Film and television distribution and the Internet
260 ## - PUBLICATION, DISTRIBUTION, ETC. (IMPRINT)
Place of publication Aldershot, England :
Name of publisher Gower ;
Place of publication Burlington, VT :
Name of publisher Ashgate,
Year of publication c2007.
300 ## - PHYSICAL DESCRIPTION
Number of Pages viii, 217 p.
650 #0 - SUBJECT ADDED ENTRY--TOPICAL TERM
Topical Term Mass media
Topical Term Electronic commerce
Topical Term Video rental services
Topical Term Motion pictures
Topical Term Television programs
Topical Term Copyright and electronic data processing
856 40 - ELECTRONIC LOCATION AND ACCESS
Uniform Resource Identifier http://site.ebrary.com/lib/rucke/Doc?id=10209191

No items available.

© 2026 Rongo University
Contact us: librarian | system librarian | Rongo university